| 000 | 00685nas a2200241 4500 | ||
|---|---|---|---|
| 001 | BR8804320 | ||
| 003 | BR-BrBNA | ||
| 005 | 20231205091229.0 | ||
| 007 | ta | ||
| 008 | 230509b bl.|||p| |||| 00| 00por d | ||
| 040 |
_aBR-BrBNA _bpor _cBiblioteca Nacional de Agricultura |
||
| 041 | _a(Pt) | ||
| 072 | _aL74 | ||
| 100 | 1 | _aAnon. | |
| 245 | 1 | _aComo minimizar as complicacoes do aguamento nos cavalos | |
| 650 | _aCAVALO | ||
| 650 | _aAGUAMENTO | ||
| 650 | _aDIAGNOSTICO | ||
| 650 | _aERRADICACAO | ||
| 773 | 0 |
_tRevista dos Criadores (Brazil) _xISSN 0034-9259 _g(Nov 1986), v. 56(682) p. 124-127 _wBR8804320 |
|
| 909 |
_a202311 _bLúcia _c55 _dLúcia Elande |
||
| 942 |
_2AGRIS _n0 _cANA |
||
| 999 |
_c123727 _d123727 |
||